000 00213nam a22000857a 4500
008 170128b xxu||||| |||| 00| 0 eng d
100 _92611
_aChugh.R.K
245 _aI.T.Genius Computer-5
260 _aNew Delhi
_bGRB
_c2012
999 _c5748
_d5748